Malmö - Choix multiples - Statistiques

Statistiques générales
  • Ce quiz a été pris 28 fois
  • Le résultat moyen est 7 sur 10
Statistiques - réponses
Question Réponse % Correct
Quelle ville peut-on apercevoir depuis Malmö, de l'autre côté d'un bras de mer ? Copenhague
93%
Quel nom porte le détroit séparant les deux villes, aujourd'hui traversé par un pont ? L'Øresund
89%
Quel célèbre joueur de football naquit et commença son parcours à Malmö ? Zlatan Ibrahimović
79%
Grâce au commerce de quel poisson la ville se développa-t-elle, au XIIIe siècle notamment ? Le hareng
75%
De quelle région historique et comté suédois Malmö est-elle la capitale ? La Scanie
71%
Quel évènement la ville accueillit-elle en 1992, 2013 et 2024 ? Le concours Eurovision
71%
Quelle puissance assiégea plusieurs fois la ville, sa plus célèbre tentative s'étant déroulé en 1677 ? Le Danemark-Norvège
68%
De quelle organisation Malmö fut-elle la plus illustre représentante suédoise ? La Guilde hanséatique
64%
Laquelle de ces affirmations au sujet du gratte-ciel Turning Torso est fausse ? Il devait initialement être utilisé comme phare
57%
Lequel de ces châteaux est celui de Malmö ?
46%
Aucun quiz correspondant
Distribution des résultats
% des personnes avec chaque résultat
Percentile par nombre de réponses
Votre historique - résultats
Vous n’avez pas pris ce quiz